El autor moderno y la escritura (Record no. 165334)
[ view plain ]
| 000 -CABECERA | |
|---|---|
| campo de control de longitud fija | 00501nab a2200181 a 4500 |
| 005 - FECHA Y HORA DE LA ÚLTIMA TRANSACCIÓN | |
| campo de control | 20210219161850.0 |
| 008 - ELEMENTOS DE LONGITUD FIJA--INFORMACIÓN GENERAL | |
| campo de control de longitud fija | 991125s1985 mx 000 0 spa u |
| 035 ## - NÚMERO DE CONTROL DEL SISTEMA | |
| Número de control de sistema | UPN01000193233 |
| 100 1# - ASIENTO PRINCIPAL--NOMBRE PERSONAL | |
| Nombre de persona | Pozas Horcasitas, Ricardo |
| 222 ## - TÍTULO CLAVE | |
| Título clave | REVISTA MEXICANA DE SOCIOLOGIA |
| 245 ## - MENCIÓN DE TÍTULO | |
| Título | El autor moderno y la escritura |
| 300 ## - DESCRIPCIÓN FÍSICA | |
| Extensión | 225-253 |
| 362 0# - FECHAS DE PUBLICACIÓN Y/O DESIGNACIÓN SECUENCIAL | |
| Fecha de publicación y/o designación secuencial | 2013 Año 75, no. 2, abr.-jun. |
| 653 0# - TERMINO DE INDIZACION - NO CONTROLADO | |
| Término no controlado | ESCRITURA CRITICA |
| 653 0# - TERMINO DE INDIZACION - NO CONTROLADO | |
| Término no controlado | SOCIOLOGIA DEL TEXTO |
| 653 0# - TERMINO DE INDIZACION - NO CONTROLADO | |
| Término no controlado | MODERNIDAD |
| 905 ## - TIPO DE MATERIAL | |
| Tipo de material | Articulo |
No items available.
